000 02009nam a2200589 i 4500
001 4624
003 KOSZ 005
005 20211203113632.0
008 040519s1975 pl a |000 0 pol
015 _aUWD 1976/2622
035 _a991023435469705066
035 _a(PL-WaBN)b1642038x-48omnis_nlop
035 _ab1642038x
035 _a(OCoLC)830579338
035 _a(PL)b0000001642038
035 _a(EXLNZ-48OMNIS_NETWORK)9910336748605606
040 _aWA N
_cWA N
_dKOSZ 005/AR
041 0 _apol
044 _apl
046 _k1975
080 _a637.5
080 _a658.2
080 _a621.5
080 _a664
080 _a664.8/.9
080 _a(075.3-021.66)
100 1 _aPiotrowski, Witold
_eAutor
245 1 0 _aAparatura i urządzenia techniczne w przetwórstwie mięsa /
_cWitold Piotrowski.
250 _aWydanie 3 poprawione.
260 _a[Warszawa] :
_bWydawnictwa Szkolne i Pedagogiczne,
_c1975.
300 _a181, [2] strony, [1] karta tablic złożona :
_bIlustracje ;
_c21 cm.
336 _aTekst
_btxt
_2rdacontent
337 _aBez urządzenia pośredniczącego
_bn
_2rdamedia
338 _aWolumin
_bnc
_2rdacarrier
380 _aKsiążki
380 _aPublikacje dydaktyczne
385 _aSzkoły zawodowe
_mPoziom nauczania
388 _a1901-2000
388 _a1945-1989
521 _aPodręcznik dla uczniów klasy II zasadniczej szkoły zawodowej, zawód: przetwórstwo mięsa.
650 7 _aMięso
_2DBN
650 7 _aŻywność
650 7 _aPrzemysł rolno-spożywczy
650 7 _aZakład przetwórstwa spożywczego
655 7 _aPodręczniki dla szkół zawodowych
_2DBN
658 _aInżynieria i technika
650 7 _a Konstrukcja maszyn i urządzeń
710 2 _aWydawnictwa Szkolne i Pedagogiczne
_4pbl
856 _uhttp://koha.tu.koszalin.pl/cgi-bin/koha/opac-detail.pl?biblionumber=4624
_yKatalog online BPK
942 _2UKD
_cKS
999 _c4624
_d4624